Name The Famous Dog - Statistics

General Stats
  • This quiz has been taken 29 times
  • The average score is 6 of 8
Answer Stats
Picture Answer % Correct
Scooby Doo
100%
Snoopy
100%
Clifford
83%
Lassie
83%
Slinky
74%
Toto
70%
Rin Tin Tin
57%
Laika
22%
No matching quizzes found
Score Distribution
Percent of People with Each Score
Percentile by Number Answered
Your Score History
You have not taken this quiz